Des causes de la récidive et des moyens d'en restreindre les effects / (Record no. 160957)

MARC details
000 -LEADER
campo de control de longitud fija 01142nam a2200205 i 4500
001 - NÚMERO DE CONTROL
campo de control 160957
003 - IDENTIFICADOR DE NÚMERO DE CONTROL
campo de control ES-MaACL
005 - FECHA Y HORA DE LA ÚLTIMA TRANSACCIÓN
campo de control 20250719062544.0
008 - DATOS DE LONGITUD FIJA--INFORMACIÓN GENERAL
campo de control de longitud fija 041006s1873 fr |||| | fre d
100 1# - ENTRADA PRINCIPAL--NOMBRE DE PERSONA
Nombre de persona Olivecrona, Knut,
Fechas asociadas al nombre 1817-1905
9 (RLIN) 166991
245 10 - MENCIÓN DEL TÍTULO
Título Des causes de la récidive et des moyens d'en restreindre les effects /
Mención de responsabilidad, etc. par K. d'Olivecrona ; [traduction par M. Jules-Henri Kramer].
260 ## - PUBLICACIÓN, DISTRIBUCIÓN, ETC.
Lugar de publicación, distribución, etc. Paris :
Nombre del editor, distribuidor, etc. Durand & Pedone-Lauriel,
Fecha de publicación, distribución, etc. 1873 (
Lugar de fabricación/manufactura Stockholm :
Fabricante Imp. Norman)
300 ## - DESCRIPCIÓN FÍSICA
Extensión 218, [2] p. ;
Dimensiones 23 cm.
650 04 - PUNTO DE ACCESO ADICIONAL DE MATERIA--TÉRMINO DE MATERIA
Término de materia o nombre geográfico como elemento de entrada Reincidencia.
9 (RLIN) 16775
752 ## - ENTRADA AGREGADA--NOMBRE JERÁRQUICO DEL LUGAR
País o entidad superior Suecia -
Jurisdicción política intermedia Estocolmo
852 ## - LOCALIZACIÓN
Ubicación ES-MaACL
Número de control de estantería D-103(1)
itemnumber 166989
Sublocalización o colección R.FOLL.9/1
Ubicación en estantería Sala Valle Inclán
Signatura antigua Olim: 193-C-11
Marcas de propiedad Sello en tinta en portada: "Donativo del Sr. Lastres al Ateneo de Madrid 1907"
Donativo/Legado Donación: Francisco Lastres y Juiz
Encuadernación Encuadernación holandesa
-- Encuadernado con otras obras formando un volumen facticio
Anotaciones manuscritas Anotación manuscrita en cubierta: "Folletos penitenciarios, Tomo 11"
-- Dedicatoria manuscrita del autor Knut Olivecrona a Francisco Lastres
903 ## - NOMBRE PERSONAL DE DONANTE
a Lastres y Juiz, Francisco,
d 1848-1918
q 1
e Donante
9 70504
942 ## - ELEMENTOS DE ENTRADA SECUNDARIOS (KOHA)
Fuente del sistema de clasificación o colocación Clasificación decimal universal
Holdings
Estatus retirado Estado de pérdida Fuente del sistema de clasificación o colocación Estado de daño No para préstamo Colección Biblioteca de origen Biblioteca actual Ubicación en estantería Fecha de adquisición Fuente de adquisición Total de préstamos Signatura topográfica completa Código de barras Visto por última vez Precio de reemplazo Tipo de ítem Koha Nota pública
    Clasificación decimal universal     Libros con dedicatorias Biblioteca del Ateneo de Madrid Biblioteca del Ateneo de Madrid Sala Valle Inclán 17/01/2008 Donación   D-103(1) 901168564 23/02/2023 23/02/2023 Libro impreso antiguo Dedicatoria manuscrita del autor Knut Olivecrona a Francisco Lastres